000 00302nam a22001337a 4500
008 171010b xxu||||| |||| 00| 0 eng d
020 _a2900132438758
041 _aeng
080 _211TH
_a316
100 _a50
101 _aSOC
245 _aRACIAL AND ETHNIC GROUPS
_cSCHAEFER,R.T
942 _2udc
_cBK
999 _c32971
_d32971